|
|
|
|
| LEADER |
00000nam a2200000 a 4500 |
| 001 |
vtls001457437 |
| 003 |
SK-MaSNL |
| 005 |
20260302040033.0 |
| 008 |
240313s2003 xo a g hun |
| 015 |
|
|
|a SNBA2004/01-00137
|
| 020 |
|
|
|a 801000118X
|
| 035 |
|
|
|a SNK000412744
|
| 035 |
|
|
|a urn:nbn:sk:snk-amlrzg
|
| 035 |
|
|
|a urn:nbn:sk:snk-am00c8vt
|
| 035 |
|
|
|a 96141538-779B-4AC5-8C41-DF315AC4586E
|
| 040 |
|
|
|a SNK
|b slo
|c SNK
|e AACR2
|
| 041 |
0 |
|
|a hun
|
| 044 |
|
|
|a xo
|c SK
|
| 072 |
|
7 |
|a 004.4/.6
|x Programové vybavenie. Programové prostriedky
|2 konspekt
|
| 080 |
|
|
|a 007+004
|2 1981
|
| 080 |
|
|
|a 004.421
|2 1981
|
| 080 |
|
|
|a 004.438Pascal
|2 1981
|
| 080 |
|
|
|a (075.3)
|2 1981
|
| 100 |
1 |
|
|a Bellušová, Mária
|4 aut
|9 407617
|
| 240 |
1 |
0 |
|a Informatika pre stredné školy - Algoritmy s Pascalom
|l Maďarsky
|
| 245 |
1 |
|
|a Információelmélet a középiskolák számára Algoritmusok Pascal nyelvben. Tematikus füzet
|c Mária Bellušová, Mário Varga, Ružena Zimanová ; [fordította Gőgh Peter]
|
| 250 |
|
|
|a 1. kiad.
|
| 260 |
|
|
|a Bratislava
|b Slovenské pedagogické nakladateľstvo
|c 2003
|
| 300 |
|
|
|a 48 s.
|b sch.
|c 30 cm
|
| 500 |
|
|
|a Sch. na tit. strane
|
| 504 |
|
|
|a Bibliogr. s. 48
|
| 650 |
0 |
7 |
|a informatika
|2 SNKPH
|9 1124
|
| 650 |
0 |
7 |
|a algoritmy
|2 SNKPH
|9 3655
|
| 650 |
0 |
7 |
|a Pascal (programovací jazyk)
|2 SNKPH
|9 67950
|
| 655 |
|
7 |
|a učebnice stredných škôl
|2 SNKPH
|9 69323
|
| 700 |
1 |
|
|a Varga, Mário
|4 aut
|9 293913
|
| 700 |
1 |
|
|a Zimanová, Ružena
|4 aut
|9 293914
|
| 700 |
1 |
|
|a Gőgh, Peter
|4 trl
|9 43921
|
| 919 |
|
|
|a 80-10-00118-X
|
| 958 |
|
|
|a OND
|
| 968 |
|
|
|a Mag
|b SLO
|
| 968 |
|
|
|d 0
|
| 999 |
|
|
|c 1073113
|d 1075043
|
| 952 |
|
|
|t P60, <03>, [BOOK], {603}
|a SNK
|b SNK
|y PREZ
|7 0
|p 17A0392851
|o snkSB 67055
|i snkKSP 9690/2003
|0 0
|1 0
|4 0
|d 2003-08-04
|f 1
|l 0
|r 2025-04-23 00:00:00
|w 2026-02-24
|
| 952 |
|
|
|t P60, <04>, [BOOK], {604}
|a SNK
|b SNK
|y VYP
|7 0
|p 17A0392852
|o snkSB 67055 D1
|i snkKSP 9691/2003
|0 0
|1 0
|4 0
|d 2003-08-04
|l 0
|r 2005-01-02 00:00:00
|w 2026-02-24
|